| 000 | 00741nam a22002417a 4500 | ||
|---|---|---|---|
| 005 | 20220708144506.0 | ||
| 008 | 220708b ||||| |||| 00| 0 eng d | ||
| 040 | _cAL | ||
| 041 | _aEnglish | ||
| 082 |
_223 _a338.64 _bKATA |
||
| 100 |
_aSanjay Kathuria and others _947778 |
||
| 245 | _aArtisan Industries in Asia : four case studies | ||
| 260 |
_aCanada _bInternational Development Research Centre _c1988 |
||
| 300 |
_a89 p. _bPB _c24x17 cm. |
||
| 650 |
_aCraft Industries _947779 |
||
| 650 |
_aDeveloping country _947780 |
||
| 650 |
_aEmployment _947781 |
||
| 650 |
_aIdeology of Skill _947782 |
||
| 700 |
_aKATHURIA (Sanjay) _947783 |
||
| 700 |
_aMIRALAO (Virginia) _947784 |
||
| 700 |
_aJOSEPH (Rebecca) _947785 |
||
| 942 |
_2ddc _cGF |
||
| 999 |
_c223657 _d223657 |
||